La placa ateroesclerótica vulnerable. (Registro nro. 188)
[ vista simple ]
| 000 -LEADER | |
|---|---|
| fixed length control field | 00978 am a2200265 a 4500 |
| 005 - FECHA ULTIMA MODIFICACION | |
| control field | 20231219093819.0 |
| 008 - CAMPO DE CONTROL (LIBRO) | |
| fixed length control field | 100329s2000||||ag a f |||| 001 0 spa d |
| 020 ## - INTERNATIONAL STANDARD BOOK NUMBER | |
| ISBN | 9879694686 |
| 041 ## - CODIGO DE IDIOMA | |
| Código de idioma del texto/pista de sonido o título separado | spa |
| 092 ## - SIGNATURA TOPOGRAFICA DEWEY LOCAL | |
| número de clasificación | 616.136 |
| libristica | 22 |
| sección | ESP |
| 100 1# - ENTRADA PRINCIPAL--NOMBRE PERSONAL | |
| Nombre personal | Esper, Ricardo J. |
| 9 (RLIN) | 383 |
| 245 #3 - TITULO PROPIAMENTE DICHO | |
| Título | La placa ateroesclerótica vulnerable. |
| Subtítulo y Título paralelo | De la disfunción endotelial al síndrome isquémico agudo / |
| Mención de responsabilidad y remanente de la transcripción de la portada | Ricardo J. Esper |
| 250 ## - MENCION DE EDICION | |
| Mención de edición | 1a ed. |
| 260 ## - PIE DE IMPRENTA | |
| Lugar de publicación, distribución, etc | Buenos Aires: |
| Nombre de la editorial, distribuidor, etc | Laboratorios Bago; |
| Fecha de publicación | 2000. |
| 300 ## - DESCRIPCION FISICA | |
| Extension | 130 p. |
| 500 ## - NOTA GENERAL | |
| Nota general | Esper, R. J. y Vilariño, J. O. (2000). La placa ateroesclerótica vulnerable. De la disfunción endotelial al síndrome isquémico agudo. (1a ed.). Buenos Aires : Laboratorios Bago. |
| 590 ## - NOTAS LOCALES (RLIN) | |
| Nota local | Donación J. M. Alfonso, Mayo 2008 |
| 653 ## - TÉRMINO INDIZADO - PALABRAS CLAVES | |
| Palabra clave | Cardiología |
| 653 ## - TÉRMINO INDIZADO - PALABRAS CLAVES | |
| Palabra clave | Placa ateroesclerótica |
| 653 ## - TÉRMINO INDIZADO - PALABRAS CLAVES | |
| Palabra clave | Disfunción endotelial |
| 653 ## - TÉRMINO INDIZADO - PALABRAS CLAVES | |
| Palabra clave | Sindrome isquémico agudo |
| 700 1# - ENTRADAS SECUNDARIAS - NOMBRE PERSONAL | |
| Nombre personal | Vilariño, Jorge O. |
| 9 (RLIN) | 384 |
| 930 ## - NUMERO DE INVENTARIO | |
| Número de inventario | 1929 |
| 942 ## - ADDED ENTRY ELEMENTS (KOHA) | |
| Source of classification or shelving scheme | Dewey Decimal Classification |
| Item type | Libros |
| Estado de retiro | Existencia | Fuente de clasificación | Estado general | No para prestamo | Ubicación permanente | ubicación actual | Sala de ubicación | Fecha de adquisición | Total Checkouts | Número de clasificación | Código de barras | Date last seen | Número de ejemplar | Price effective from | Koha tipo de elemento (item) | Public note | Coded location qualifier |
|---|---|---|---|---|---|---|---|---|---|---|---|---|---|---|---|---|---|
| Dewey Decimal Classification | Biblioteca Medicina | Biblioteca Medicina | Circulación | 13/05/2011 | 616.136 22 ESP | 1929 | 06/11/2014 | ej.1 | 13/05/2011 | Libros | Hemeroteca 2022 |